Sự tạo phôi Soma và tái sinh chồi tre trồng (Dendrocalamus giganteus Wall. ex Munro) từ nuôi cấy lớp mỏng thân chồi in vitro : Luận văn Thạc sĩ Khoa học. Chuyên ngành: Công nghệ sinh học
Đề tài giới thiệu đặc điểm thực vật, các phương pháp nhân giống tre.
Sparad:
| Huvudupphovsman: | |
|---|---|
| Materialtyp: | Bok |
| Språk: | Undetermined |
| Publicerad: |
Cần Thơ
Đại học Cần Thơ
2011
|
| Ämnen: | |
| Taggar: |
Lägg till en tagg
Inga taggar, Lägg till första taggen!
|
| Thư viện lưu trữ: | Trung tâm Học liệu Trường Đại học Cần Thơ |
|---|
| LEADER | 01091nam a2200217Ia 4500 | ||
|---|---|---|---|
| 001 | CTU_170769 | ||
| 008 | 210402s9999 xx 000 0 und d | ||
| 082 | |a 631.53 | ||
| 082 | |b Ng528 | ||
| 088 | |a 60420201 | ||
| 100 | |a Phan, Thị Ánh Nguyệt | ||
| 245 | 0 | |a Sự tạo phôi Soma và tái sinh chồi tre trồng (Dendrocalamus giganteus Wall. ex Munro) từ nuôi cấy lớp mỏng thân chồi in vitro : | |
| 245 | 0 | |b Luận văn Thạc sĩ Khoa học. Chuyên ngành: Công nghệ sinh học | |
| 245 | 0 | |c Phan Thị Ánh Nguyệt ; Lê Văn Hòa (Người hướng dẫn Khoa học) | |
| 260 | |a Cần Thơ | ||
| 260 | |b Đại học Cần Thơ | ||
| 260 | |c 2011 | ||
| 520 | |a Đề tài giới thiệu đặc điểm thực vật, các phương pháp nhân giống tre. | ||
| 650 | |a Plant propagation,Plant tissue culture,Bamboo,Sự nhân giống thực vật,Nuôi cấy mô thực vật,Cây tre | ||
| 904 | |i Năm | ||
| 980 | |a Trung tâm Học liệu Trường Đại học Cần Thơ | ||